| 000 | nam a22 a 4500 | ||
|---|---|---|---|
| 999 |
_c1956 _d1956 |
||
| 003 | AKMAL | ||
| 005 | 20170512153731.0 | ||
| 008 | 170512s2002 my 00 eng d | ||
| 020 |
_a967993389X (pbk.): _cRM21.00 |
||
| 040 |
_aAKMAL _cAKMAL |
||
| 082 | 0 | 4 |
_a352.367 STA _221 |
| 090 | 0 | 0 |
_a352.367 _bSTA |
| 100 | 1 |
_aSta Maria, Rebecca Fatima _94054 |
|
| 245 | 1 | 0 |
_aLearning for a change! : _ba guide to developing learning cultures in the Malaysian public sector / _cRebecca Fatima Sta. Maria |
| 260 |
_aKuala Lumpur : _bInstitut Tadbiran Awam Negara, _c2002 |
||
| 300 | 0 | 0 |
_axii, 114p. : _bill. ; _c21cm |
| 440 | 0 |
_aSiri pengurusan INTAN _9890 |
|
| 500 | _aKoleksi Peribadi YABhg. Tun Ahmad Sarji (2100612) | ||
| 504 | _aBibliografi: ms. 111-114 | ||
| 650 | 0 |
_aOrganizational learning _zMalaysia _94055 |
|
| 650 | 0 |
_aOrganizational change _zMalaysia _94056 |
|
| 650 | 0 |
_aPublic administration _zMalaysia _9419 |
|
| 942 |
_2ddc _cBOOK |
||